| 000 | 01775cam a2200361Mi 4500 | ||
|---|---|---|---|
| 001 | siggraph89confer00lane | ||
| 003 | CaSfIA | ||
| 005 | 20210119082218.0 | ||
| 007 | cr|||| | ||
| 008 | 980721s1989 nyu 000 0 eng d | ||
| 040 |
_aGyGoGBV _erakwb _bger _cGBVCP _dCaSfIA |
||
| 020 | _a0201504340 ((Addison-Wesley)) | ||
| 020 | _a9780201504347 ((Addison-Wesley)) | ||
| 020 | _a0897913124 ((ACM)) | ||
| 020 | _a9780897913126 ((ACM)) | ||
| 035 | _a(OCoLC)245732276 | ||
| 084 |
_a54.73 ; Computergraphik _2bcc |
||
| 245 | 0 | 0 |
_aSIGGRAPH '89 conference proceedings : _h[electronic resource] _b31 July - 4 August, Boston, Massachusetts / _csponsored by the Association for Computing Machinery's Special Interest Group on Computer Graphics. Papers chair Jeffrey Lane. |
| 246 | 3 | _aComputer graphics | |
| 260 |
_aNew York : _bACM Press [u.a.], _c1989. |
||
| 300 |
_a408 S : _bIll., graph. Darst. |
||
| 440 | 0 |
_aComputer graphics ; _v23,3 |
|
| 500 | _aLiteraturangaben. | ||
| 700 | 1 | _aLane, Jeffrey. | |
| 711 | 2 |
_aAnnual ACM Conference on Computer Graphics and Interactive Techniques (SIGGRAPH) _n(16 : _d1989.07.31-08.04 : _cBoston, Mass.) |
|
| 029 | 1 |
_aDEBBG _bBV004290156 |
|
| 029 | 1 |
_aCHVBK _b118303279 |
|
| 856 | 4 | 1 |
_uhttp://www.archive.org/details/siggraph89confer00lane _zFree eBook from the Internet Archive |
| 856 | 4 | 2 |
_uhttp://www.openlibrary.org/books/OL24385726M _zAdditional information and access via Open Library |
| 942 | _cEB | ||
| 506 | _fНеобхідна авторизація на https://archive.org/ (створення облікового запису безкоштовно) | ||
| 506 | _fНеобхідна авторизація на https://openlibrary.org/ (створення облікового запису безкоштовно) | ||
| 999 |
_c548817 _d548817 |
||